000 01200cam a2200301 4500
008 #DATE n 000 0 eng u
020 _a1859785859
035 _a(Sirsi) u119972
041 _aeng
050 _a346.41032
110 _aNeil F. Jones and Co.
_9606
245 _aProfessional negligence and insurance law.
250 _a2nd ed.
260 _aLondon
_bLloyd`s of London Press
_c1994
_g(1999 printing)
300 _axxi,177p.
_c24cm.
350 _a35
490 _aLloyds List Practical Guides
520 _aA new edition of a work that looks at the liability and responsibility of professionals to their clients and to third parties in the light of the increase in litigation in recent years. Includes a chapter on the liability of surveyors and appendices covering the RICS professional indemnity insurance collective policy and guidance on mortgage valuations.
650 _aARCHITECTS
650 _aENGINEERS
650 _aLIABILITY
650 _aPROFESSIONAL INDEMNITY INSURANCE
650 _aPROFESSIONAL NEGLIGENCE
650 _aSURVEYORS
690 _aMANAGEMENT-BUSINESS MANAGEMENT-PROFESSIONAL PRACTICE
700 _aBrown, Jeffrey C.
_xEditor
942 _n0
999 _c102452
_d102452